<?xml version="1.0" encoding="UTF-8"?>
<record
    xmlns:xsi="http://www.w3.org/2001/XMLSchema-instance"
    xsi:schemaLocation="http://www.loc.gov/MARC21/slim http://www.loc.gov/standards/marcxml/schema/MARC21slim.xsd"
    xmlns="http://www.loc.gov/MARC21/slim">

  <leader>00416nam a2200169Ia 4500</leader>
  <controlfield tag="008">230524s9999    xx            000 0 und d</controlfield>
  <datafield tag="020" ind1=" " ind2=" ">
    <subfield code="a">0070665842</subfield>
  </datafield>
  <datafield tag="082" ind1=" " ind2=" ">
    <subfield code="a">621.31981</subfield>
    <subfield code="b">STE</subfield>
  </datafield>
  <datafield tag="100" ind1=" " ind2=" ">
    <subfield code="a">William D.Stevenson</subfield>
  </datafield>
  <datafield tag="245" ind1=" " ind2="0">
    <subfield code="a">Elements of Power System Analysis</subfield>
  </datafield>
  <datafield tag="250" ind1=" " ind2=" ">
    <subfield code="a">4th</subfield>
  </datafield>
  <datafield tag="260" ind1=" " ind2=" ">
    <subfield code="a">NEW DELHI</subfield>
    <subfield code="b">MGH</subfield>
    <subfield code="c">2006</subfield>
  </datafield>
  <datafield tag="300" ind1=" " ind2=" ">
    <subfield code="a">I9X;431</subfield>
  </datafield>
  <datafield tag="500" ind1=" " ind2=" ">
    <subfield code="a">Quantity Number:  26</subfield>
  </datafield>
  <datafield tag="650" ind1=" " ind2=" ">
    <subfield code="a">Electrical</subfield>
  </datafield>
  <datafield tag="942" ind1=" " ind2=" ">
    <subfield code="c">BK</subfield>
  </datafield>
  <datafield tag="952" ind1=" " ind2=" ">
    <subfield code="0">0</subfield>
    <subfield code="1">0</subfield>
    <subfield code="4">0</subfield>
    <subfield code="7">0</subfield>
    <subfield code="a">TATCL</subfield>
    <subfield code="b">TATCL</subfield>
    <subfield code="c">GEN</subfield>
    <subfield code="d">2023-05-24</subfield>
    <subfield code="l">0</subfield>
    <subfield code="o">621.31981 STE</subfield>
    <subfield code="p">15315</subfield>
    <subfield code="r">2023-05-24</subfield>
    <subfield code="w">2023-05-24</subfield>
    <subfield code="y">BK</subfield>
    <subfield code="z">CPEE5302</subfield>
  </datafield>
  <datafield tag="952" ind1=" " ind2=" ">
    <subfield code="0">0</subfield>
    <subfield code="1">0</subfield>
    <subfield code="4">0</subfield>
    <subfield code="7">0</subfield>
    <subfield code="a">TATCL</subfield>
    <subfield code="b">TATCL</subfield>
    <subfield code="c">GEN</subfield>
    <subfield code="d">2023-05-24</subfield>
    <subfield code="l">0</subfield>
    <subfield code="o">621.31981 STE</subfield>
    <subfield code="p">15316</subfield>
    <subfield code="r">2023-05-24</subfield>
    <subfield code="w">2023-05-24</subfield>
    <subfield code="y">BK</subfield>
    <subfield code="z">CPEE5302</subfield>
  </datafield>
  <datafield tag="952" ind1=" " ind2=" ">
    <subfield code="0">0</subfield>
    <subfield code="1">0</subfield>
    <subfield code="4">0</subfield>
    <subfield code="7">0</subfield>
    <subfield code="a">TATCL</subfield>
    <subfield code="b">TATCL</subfield>
    <subfield code="c">GEN</subfield>
    <subfield code="d">2023-05-24</subfield>
    <subfield code="l">0</subfield>
    <subfield code="o">621.31981 STE</subfield>
    <subfield code="p">22622</subfield>
    <subfield code="r">2023-05-24</subfield>
    <subfield code="w">2023-05-24</subfield>
    <subfield code="y">BK</subfield>
    <subfield code="z">CPEE5302</subfield>
  </datafield>
  <datafield tag="952" ind1=" " ind2=" ">
    <subfield code="0">0</subfield>
    <subfield code="1">0</subfield>
    <subfield code="4">0</subfield>
    <subfield code="7">0</subfield>
    <subfield code="a">TATCL</subfield>
    <subfield code="b">TATCL</subfield>
    <subfield code="c">GEN</subfield>
    <subfield code="d">2023-05-24</subfield>
    <subfield code="l">0</subfield>
    <subfield code="o">621.31981 STE</subfield>
    <subfield code="p">22623</subfield>
    <subfield code="r">2023-05-24</subfield>
    <subfield code="w">2023-05-24</subfield>
    <subfield code="y">BK</subfield>
    <subfield code="z">CPEE5302</subfield>
  </datafield>
  <datafield tag="952" ind1=" " ind2=" ">
    <subfield code="0">0</subfield>
    <subfield code="1">0</subfield>
    <subfield code="4">0</subfield>
    <subfield code="7">0</subfield>
    <subfield code="a">TATCL</subfield>
    <subfield code="b">TATCL</subfield>
    <subfield code="c">GEN</subfield>
    <subfield code="d">2023-05-24</subfield>
    <subfield code="l">0</subfield>
    <subfield code="o">621.31981 STE</subfield>
    <subfield code="p">22624</subfield>
    <subfield code="r">2023-05-24</subfield>
    <subfield code="w">2023-05-24</subfield>
    <subfield code="y">BK</subfield>
    <subfield code="z">CPEE5302</subfield>
  </datafield>
  <datafield tag="952" ind1=" " ind2=" ">
    <subfield code="0">0</subfield>
    <subfield code="1">0</subfield>
    <subfield code="4">0</subfield>
    <subfield code="7">0</subfield>
    <subfield code="a">TATCL</subfield>
    <subfield code="b">TATCL</subfield>
    <subfield code="c">GEN</subfield>
    <subfield code="d">2023-05-24</subfield>
    <subfield code="l">0</subfield>
    <subfield code="o">621.31981 STE</subfield>
    <subfield code="p">22625</subfield>
    <subfield code="r">2023-05-24</subfield>
    <subfield code="w">2023-05-24</subfield>
    <subfield code="y">BK</subfield>
    <subfield code="z">CPEE5302</subfield>
  </datafield>
  <datafield tag="952" ind1=" " ind2=" ">
    <subfield code="0">0</subfield>
    <subfield code="1">0</subfield>
    <subfield code="4">0</subfield>
    <subfield code="7">0</subfield>
    <subfield code="a">TATCL</subfield>
    <subfield code="b">TATCL</subfield>
    <subfield code="c">GEN</subfield>
    <subfield code="d">2023-05-24</subfield>
    <subfield code="l">0</subfield>
    <subfield code="o">621.31981 STE</subfield>
    <subfield code="p">22626</subfield>
    <subfield code="r">2023-05-24</subfield>
    <subfield code="w">2023-05-24</subfield>
    <subfield code="y">BK</subfield>
    <subfield code="z">CPEE5302</subfield>
  </datafield>
  <datafield tag="952" ind1=" " ind2=" ">
    <subfield code="0">0</subfield>
    <subfield code="1">0</subfield>
    <subfield code="4">0</subfield>
    <subfield code="7">0</subfield>
    <subfield code="a">TATCL</subfield>
    <subfield code="b">TATCL</subfield>
    <subfield code="c">GEN</subfield>
    <subfield code="d">2023-05-24</subfield>
    <subfield code="l">0</subfield>
    <subfield code="o">621.31981 STE</subfield>
    <subfield code="p">22627</subfield>
    <subfield code="r">2023-05-24</subfield>
    <subfield code="w">2023-05-24</subfield>
    <subfield code="y">BK</subfield>
    <subfield code="z">CPEE5302</subfield>
  </datafield>
  <datafield tag="952" ind1=" " ind2=" ">
    <subfield code="0">0</subfield>
    <subfield code="1">0</subfield>
    <subfield code="4">0</subfield>
    <subfield code="7">0</subfield>
    <subfield code="a">TATCL</subfield>
    <subfield code="b">TATCL</subfield>
    <subfield code="c">GEN</subfield>
    <subfield code="d">2023-05-24</subfield>
    <subfield code="l">0</subfield>
    <subfield code="o">621.31981 STE</subfield>
    <subfield code="p">22628</subfield>
    <subfield code="r">2023-05-24</subfield>
    <subfield code="w">2023-05-24</subfield>
    <subfield code="y">BK</subfield>
    <subfield code="z">CPEE5302</subfield>
  </datafield>
  <datafield tag="952" ind1=" " ind2=" ">
    <subfield code="0">0</subfield>
    <subfield code="1">0</subfield>
    <subfield code="4">0</subfield>
    <subfield code="7">0</subfield>
    <subfield code="a">TATCL</subfield>
    <subfield code="b">TATCL</subfield>
    <subfield code="c">GEN</subfield>
    <subfield code="d">2023-05-24</subfield>
    <subfield code="l">0</subfield>
    <subfield code="o">621.31981 STE</subfield>
    <subfield code="p">22629</subfield>
    <subfield code="r">2023-05-24</subfield>
    <subfield code="w">2023-05-24</subfield>
    <subfield code="y">BK</subfield>
    <subfield code="z">CPEE5302</subfield>
  </datafield>
  <datafield tag="952" ind1=" " ind2=" ">
    <subfield code="0">0</subfield>
    <subfield code="1">0</subfield>
    <subfield code="4">0</subfield>
    <subfield code="7">0</subfield>
    <subfield code="a">TATCL</subfield>
    <subfield code="b">TATCL</subfield>
    <subfield code="c">GEN</subfield>
    <subfield code="d">2023-05-24</subfield>
    <subfield code="l">0</subfield>
    <subfield code="o">621.31981 STE</subfield>
    <subfield code="p">22630</subfield>
    <subfield code="r">2023-05-24</subfield>
    <subfield code="w">2023-05-24</subfield>
    <subfield code="y">BK</subfield>
    <subfield code="z">CPEE5302</subfield>
  </datafield>
  <datafield tag="952" ind1=" " ind2=" ">
    <subfield code="0">0</subfield>
    <subfield code="1">0</subfield>
    <subfield code="4">0</subfield>
    <subfield code="7">0</subfield>
    <subfield code="a">TATCL</subfield>
    <subfield code="b">TATCL</subfield>
    <subfield code="c">GEN</subfield>
    <subfield code="d">2023-05-24</subfield>
    <subfield code="l">0</subfield>
    <subfield code="o">621.31981 STE</subfield>
    <subfield code="p">22631</subfield>
    <subfield code="r">2023-05-24</subfield>
    <subfield code="w">2023-05-24</subfield>
    <subfield code="y">BK</subfield>
    <subfield code="z">CPEE5302</subfield>
  </datafield>
  <datafield tag="952" ind1=" " ind2=" ">
    <subfield code="0">0</subfield>
    <subfield code="1">0</subfield>
    <subfield code="4">0</subfield>
    <subfield code="7">0</subfield>
    <subfield code="a">TATCL</subfield>
    <subfield code="b">TATCL</subfield>
    <subfield code="c">GEN</subfield>
    <subfield code="d">2023-05-24</subfield>
    <subfield code="l">0</subfield>
    <subfield code="o">621.31981 STE</subfield>
    <subfield code="p">22632</subfield>
    <subfield code="r">2023-05-24</subfield>
    <subfield code="w">2023-05-24</subfield>
    <subfield code="y">BK</subfield>
    <subfield code="z">CPEE5302</subfield>
  </datafield>
  <datafield tag="952" ind1=" " ind2=" ">
    <subfield code="0">0</subfield>
    <subfield code="1">0</subfield>
    <subfield code="4">0</subfield>
    <subfield code="7">0</subfield>
    <subfield code="a">TATCL</subfield>
    <subfield code="b">TATCL</subfield>
    <subfield code="c">GEN</subfield>
    <subfield code="d">2023-05-24</subfield>
    <subfield code="l">0</subfield>
    <subfield code="o">621.31981 STE</subfield>
    <subfield code="p">22633</subfield>
    <subfield code="r">2023-05-24</subfield>
    <subfield code="w">2023-05-24</subfield>
    <subfield code="y">BK</subfield>
    <subfield code="z">CPEE5302</subfield>
  </datafield>
  <datafield tag="952" ind1=" " ind2=" ">
    <subfield code="0">0</subfield>
    <subfield code="1">0</subfield>
    <subfield code="4">0</subfield>
    <subfield code="7">0</subfield>
    <subfield code="a">TATCL</subfield>
    <subfield code="b">TATCL</subfield>
    <subfield code="c">GEN</subfield>
    <subfield code="d">2023-05-24</subfield>
    <subfield code="l">0</subfield>
    <subfield code="o">621.31981 STE</subfield>
    <subfield code="p">22634</subfield>
    <subfield code="r">2023-05-24</subfield>
    <subfield code="w">2023-05-24</subfield>
    <subfield code="y">BK</subfield>
    <subfield code="z">CPEE5302</subfield>
  </datafield>
  <datafield tag="952" ind1=" " ind2=" ">
    <subfield code="0">0</subfield>
    <subfield code="1">0</subfield>
    <subfield code="4">0</subfield>
    <subfield code="7">0</subfield>
    <subfield code="a">TATCL</subfield>
    <subfield code="b">TATCL</subfield>
    <subfield code="c">GEN</subfield>
    <subfield code="d">2023-05-24</subfield>
    <subfield code="l">0</subfield>
    <subfield code="o">621.31981 STE</subfield>
    <subfield code="p">22635</subfield>
    <subfield code="r">2023-05-24</subfield>
    <subfield code="w">2023-05-24</subfield>
    <subfield code="y">BK</subfield>
    <subfield code="z">CPEE5302</subfield>
  </datafield>
  <datafield tag="952" ind1=" " ind2=" ">
    <subfield code="0">0</subfield>
    <subfield code="1">0</subfield>
    <subfield code="4">0</subfield>
    <subfield code="7">0</subfield>
    <subfield code="a">TATCL</subfield>
    <subfield code="b">TATCL</subfield>
    <subfield code="c">GEN</subfield>
    <subfield code="d">2023-05-24</subfield>
    <subfield code="l">0</subfield>
    <subfield code="o">621.31981 STE</subfield>
    <subfield code="p">22636</subfield>
    <subfield code="r">2023-05-24</subfield>
    <subfield code="w">2023-05-24</subfield>
    <subfield code="y">BK</subfield>
    <subfield code="z">CPEE5302</subfield>
  </datafield>
  <datafield tag="952" ind1=" " ind2=" ">
    <subfield code="0">0</subfield>
    <subfield code="1">0</subfield>
    <subfield code="4">0</subfield>
    <subfield code="7">0</subfield>
    <subfield code="a">TATCL</subfield>
    <subfield code="b">TATCL</subfield>
    <subfield code="c">GEN</subfield>
    <subfield code="d">2023-05-24</subfield>
    <subfield code="l">0</subfield>
    <subfield code="o">621.31981 STE</subfield>
    <subfield code="p">22637</subfield>
    <subfield code="r">2023-05-24</subfield>
    <subfield code="w">2023-05-24</subfield>
    <subfield code="y">BK</subfield>
    <subfield code="z">CPEE5302</subfield>
  </datafield>
  <datafield tag="952" ind1=" " ind2=" ">
    <subfield code="0">0</subfield>
    <subfield code="1">0</subfield>
    <subfield code="4">0</subfield>
    <subfield code="7">0</subfield>
    <subfield code="a">TATCL</subfield>
    <subfield code="b">TATCL</subfield>
    <subfield code="c">GEN</subfield>
    <subfield code="d">2023-05-24</subfield>
    <subfield code="l">0</subfield>
    <subfield code="o">621.31981 STE</subfield>
    <subfield code="p">22638</subfield>
    <subfield code="r">2023-05-24</subfield>
    <subfield code="w">2023-05-24</subfield>
    <subfield code="y">BK</subfield>
    <subfield code="z">CPEE5302</subfield>
  </datafield>
  <datafield tag="952" ind1=" " ind2=" ">
    <subfield code="0">0</subfield>
    <subfield code="1">0</subfield>
    <subfield code="4">0</subfield>
    <subfield code="7">0</subfield>
    <subfield code="a">TATCL</subfield>
    <subfield code="b">TATCL</subfield>
    <subfield code="c">GEN</subfield>
    <subfield code="d">2023-05-24</subfield>
    <subfield code="l">1</subfield>
    <subfield code="o">621.31981 STE</subfield>
    <subfield code="p">22639</subfield>
    <subfield code="q">2014-11-07</subfield>
    <subfield code="r">2024-02-02</subfield>
    <subfield code="s">2024-02-02</subfield>
    <subfield code="w">2023-05-24</subfield>
    <subfield code="y">BK</subfield>
    <subfield code="z">CPEE5302</subfield>
  </datafield>
  <datafield tag="952" ind1=" " ind2=" ">
    <subfield code="0">0</subfield>
    <subfield code="1">0</subfield>
    <subfield code="4">0</subfield>
    <subfield code="7">0</subfield>
    <subfield code="a">TATCL</subfield>
    <subfield code="b">TATCL</subfield>
    <subfield code="c">GEN</subfield>
    <subfield code="d">2023-05-24</subfield>
    <subfield code="l">0</subfield>
    <subfield code="o">621.31981 STE</subfield>
    <subfield code="p">22640</subfield>
    <subfield code="r">2023-05-24</subfield>
    <subfield code="w">2023-05-24</subfield>
    <subfield code="y">BK</subfield>
    <subfield code="z">CPEE5302</subfield>
  </datafield>
  <datafield tag="952" ind1=" " ind2=" ">
    <subfield code="0">0</subfield>
    <subfield code="1">0</subfield>
    <subfield code="4">0</subfield>
    <subfield code="7">0</subfield>
    <subfield code="a">TATCL</subfield>
    <subfield code="b">TATCL</subfield>
    <subfield code="c">GEN</subfield>
    <subfield code="d">2023-05-24</subfield>
    <subfield code="l">0</subfield>
    <subfield code="o">621.31981 STE</subfield>
    <subfield code="p">22641</subfield>
    <subfield code="r">2023-05-24</subfield>
    <subfield code="w">2023-05-24</subfield>
    <subfield code="y">BK</subfield>
    <subfield code="z">CPEE5302</subfield>
  </datafield>
  <datafield tag="952" ind1=" " ind2=" ">
    <subfield code="0">0</subfield>
    <subfield code="1">0</subfield>
    <subfield code="4">0</subfield>
    <subfield code="7">0</subfield>
    <subfield code="a">TATCL</subfield>
    <subfield code="b">TATCL</subfield>
    <subfield code="c">GEN</subfield>
    <subfield code="d">2023-05-24</subfield>
    <subfield code="l">0</subfield>
    <subfield code="o">621.31981 STE</subfield>
    <subfield code="p">22642</subfield>
    <subfield code="r">2023-05-24</subfield>
    <subfield code="w">2023-05-24</subfield>
    <subfield code="y">BK</subfield>
    <subfield code="z">CPEE5302</subfield>
  </datafield>
  <datafield tag="952" ind1=" " ind2=" ">
    <subfield code="0">0</subfield>
    <subfield code="1">0</subfield>
    <subfield code="4">0</subfield>
    <subfield code="7">0</subfield>
    <subfield code="a">TATCL</subfield>
    <subfield code="b">TATCL</subfield>
    <subfield code="c">GEN</subfield>
    <subfield code="d">2023-05-24</subfield>
    <subfield code="l">0</subfield>
    <subfield code="o">621.31981 STE</subfield>
    <subfield code="p">22643</subfield>
    <subfield code="r">2023-05-24</subfield>
    <subfield code="w">2023-05-24</subfield>
    <subfield code="y">BK</subfield>
    <subfield code="z">CPEE5302</subfield>
  </datafield>
  <datafield tag="952" ind1=" " ind2=" ">
    <subfield code="0">0</subfield>
    <subfield code="1">0</subfield>
    <subfield code="4">0</subfield>
    <subfield code="7">0</subfield>
    <subfield code="a">TATCL</subfield>
    <subfield code="b">TATCL</subfield>
    <subfield code="c">GEN</subfield>
    <subfield code="d">2023-05-24</subfield>
    <subfield code="l">0</subfield>
    <subfield code="o">621.31981 STE</subfield>
    <subfield code="p">22644</subfield>
    <subfield code="r">2023-05-24</subfield>
    <subfield code="w">2023-05-24</subfield>
    <subfield code="y">BK</subfield>
    <subfield code="z">CPEE5302</subfield>
  </datafield>
  <datafield tag="952" ind1=" " ind2=" ">
    <subfield code="0">0</subfield>
    <subfield code="1">0</subfield>
    <subfield code="4">0</subfield>
    <subfield code="7">0</subfield>
    <subfield code="a">TATCL</subfield>
    <subfield code="b">TATCL</subfield>
    <subfield code="c">GEN</subfield>
    <subfield code="d">2023-05-24</subfield>
    <subfield code="l">0</subfield>
    <subfield code="o">621.31981 STE</subfield>
    <subfield code="p">22645</subfield>
    <subfield code="r">2023-05-24</subfield>
    <subfield code="w">2023-05-24</subfield>
    <subfield code="y">BK</subfield>
    <subfield code="z">CPEE5302</subfield>
  </datafield>
  <datafield tag="999" ind1=" " ind2=" ">
    <subfield code="c">36333</subfield>
    <subfield code="d">36333</subfield>
  </datafield>
</record>
